|
|
|
|
| LEADER |
00000nam0a2200000 4500 |
| 001 |
129123 |
| 005 |
20240815163350.0 |
| 010 |
|
|
|a 528900680X
|
| 035 |
|
|
|a (RuTPU)RU\TPU\book\139727
|
| 090 |
|
|
|a 129123
|
| 100 |
|
|
|a 20080120d1990 m y0rusy50 ca
|
| 101 |
1 |
|
|a rus
|c eng
|
| 102 |
|
|
|a RU
|
| 105 |
|
|
|a a z 000ay
|
| 200 |
1 |
|
|a Квартеронка; Морской волчонок
|e Романы. Для среднего и старшего школьного возраста
|e Пер. с англ.
|f М. Рид
|g худож. В. А. Лебедев
|
| 205 |
|
|
|a переиздание
|
| 210 |
|
|
|a Ленинград
|c Лениздат
|d 1990
|
| 215 |
|
|
|a 494 с.
|c ил.
|
| 225 |
1 |
|
|a Отвага, умение, честь
|
| 606 |
1 |
|
|a Американская литература (англо-язычная литература)
|9 52349
|
| 610 |
1 |
|
|a английская литература
|
| 610 |
1 |
|
|a приключенческие романы
|
| 610 |
1 |
|
|a художественная литература
|
| 675 |
|
|
|a 82
|v 3
|
| 700 |
|
1 |
|a Рид
|b М.
|g Майн Томас
|
| 702 |
|
1 |
|a Лебедев
|b В. А.
|4 440
|
| 801 |
|
1 |
|a RU
|b 63413507
|c 20080120
|g PSBO
|
| 942 |
|
|
|c BK
|